000 00904nam a2200277 i 4500
003 DO-SdBNP
005 20240722153516.0
007 ta
008 220203b2002 dr a|||| |||| 00| 0 spa d
020 _a9993489204
040 _aDO-SdBNP
_bspa
_cBNPHU
_erda
082 4 _aRD861.5
_bP872e
_222
100 1 _aPou Aybar, Expedy,
_981123
_eautor
245 1 0 _aEntredécimas /
_cExpedy Pou Aybar ; presentación, Fabio Herrera Roa.
264 _aSanto Domingo :
_bTolle, Lege,
_c2002.
300 _a50 páginas :
_bilustraciones ;
_c23 cm.
336 _2rdacontent
_atexto
_btxt
337 _2rdamedia
_asin mediación
_bn
338 _2rdacarrier
_avolumen
_bnc
590 _aInventariado, 2022 /LP
650 4 _aPoesía dominicana
650 4 _aLiteratura dominicana
700 1 _aHerrera Roa, Fabio,
_epresentación
_981124
910 _aLopérez./Validado. Control de calidad MFF
942 _2ddc
_cLF2
999 _c51326
_d51326